|
|
|
|
| LEADER |
00000nam0a2200000 4500 |
| 001 |
27502 |
| 005 |
20231030202207.0 |
| 010 |
|
|
|a 5943690026
|
| 010 |
|
|
|a 5-16-000633-8
|
| 035 |
|
|
|a (RuTPU)RU\TPU\book\27753
|
| 035 |
|
|
|a BOOK00027828
|
| 090 |
|
|
|a 27502
|
| 100 |
|
|
|a 20011209d2001 m y0rusy50 ca
|
| 101 |
1 |
|
|a rus
|
| 102 |
|
|
|a RU
|
| 105 |
|
|
|a y z 000zy
|
| 200 |
1 |
|
|a Паблик рилейшнз, или стратегия доверия
|e пер. с фр.
|f Ф. А. Буари
|
| 210 |
|
|
|a Москва
|c Имидж-Контакт
|c Инфра-М
|d 2001
|
| 215 |
|
|
|a 178 с.
|
| 225 |
1 |
|
|a Современные консалтинговые технологии
|
| 610 |
1 |
|
|a экономика
|
| 610 |
1 |
|
|a паблик рилейшнз
|
| 610 |
1 |
|
|a связи с общественностью
|
| 675 |
|
|
|a 659.4
|v 3
|
| 700 |
|
1 |
|a Буари
|b Ф. А.
|g Филипп А.
|
| 801 |
|
0 |
|a RU
|b 63413507
|c 20011209
|g PSBO
|
| 801 |
|
2 |
|a RU
|b 63413507
|c 20221130
|g PSBO
|
| 942 |
|
|
|c BK
|